000 00933nam a22002417a 4500
005 20140819122715.0
008 100906t xxu||||| |||| 00| 0 hin d
010 _aHIN-90394 G-002580
020 _a9788190809597
_c250.00
035 _aHN-62740
035 _aG-002580
037 _bDBAD/PUN
040 _aDPL
_bHN
082 _a827
100 _918464
_aकश्यप, मृदुल
245 _aफ्री हिट /
_cमृदुल कश्यप
246 _aFree Hit
_bby Mridul Kashyap
260 _aनई दिल्ली
_bभारतीय पुस्तक परिषद
_c2010 2012
270 _a175-सी, पॉकेट-ए, मयूर विहार फेज-2
_bनई दिल्ली
_e110091
300 _a160पृ.
_c22सेमी (सजिल्द)
650 _91169
_aव्यंग्य, हिन्दी
942 _2ddc
_cHN
_h827
_mकश्यप
999 _c44482
_d44482